000 01007nam0a22002531 4500
001 rc\2772144
005 20250806210716.0
035 _a(NLR Aleph) 006898501
090 _a27632
_c27632
100 _a20110915d1941 u y0rusy50 ca
101 0 _arus
102 _aRU
105 _ay z |||||
200 1 _aРезолюция Конференции по вопросам художественной промышленности в Ленинграде 14 марта 1941 года
_fЛен. отд. Союза советских архитекторов
210 _aЛенинград
_cТип. № 2
_d1941
215 _a18 с.
_d14 см.
710 1 2 _aКонференция по вопросам художественной промышленности
_f1941
_eЛенинград
801 0 _aRU
_bNLR
_gpsbo
801 1 _aRU
_bELAR
_2rusmarc
852 _aNLR
_jИс50 Г-2/1
942 _cBOOK
945 _aРоссийская национальная библиотека
980 _aNB
980 _aBV